Elenca la formazione - Quiz n°277 - Statistics

Statistiche generali
  • Questo quiz è stato fatto 34 volte
  • Il punteggio medio è 10 su 11
Statistiche sulle risposte
Ruolo Club dell'epoca Calciatore % Corretto
Attaccante Juventus Álvaro Morata
100%
Centrocampista Barcellona Andrés Iniesta
100%
Portiere Manchester United David de Gea
100%
Difensore Barcellona Gerard Piqué
100%
Difensore Barcellona Jordi Alba
100%
Difensore Real Madrid Sergio Ramos
100%
Centrocampista Barcellona Sergio Busquets
97%
Attaccante Manchester City David Silva
88%
Centrocampista Chelsea Cesc Fàbregas
81%
Difensore Atletico Madrid Juanfran
75%
Attaccante Celta Vigo Nolito
44%
Nessun quiz corrispondente trovato
Distribuzione punteggi
Percentuale di utenti per punteggio
Percentile per numero di risposta
I tuoi punteggi nel tempo
Non hai fatto questo quiz